000 00331nam a2200133Ia 4500
008 191201s2004 xx 000 0 und d
100 _aH S U, Hwei P
245 0 _aSchaum's Outlines Analog and Digital Communications
250 _a2nd
260 _aN.Delhi
_bTMH
_c2004
300 _a330
650 _aB.Tech(ECE)
942 _2ddc
_cBK
999 _c2032
_d2032